000
00259nam a2200097Ia 4500
008
240331s9999 xx 000 0 und d
082
_b
FER
100
_a
Fernando, Vijita
245
0
_a
Her Story :
_b
Case studies on violence- LogosVol.30,No.2 June 1991
942
_c
L
999
_c
5479
_d
5479